Sports Quiz

Random Sports Quiz
Score 0/15 Timer 10:00
0 Plays Today
Hint Answer % Correct
HookerDylan Hartley
96.4%
LockCourtney Lawes
90.2%
FullbackBen Foden
88.4%
Back RowTom Wood
84.8%
WingGeorge North
84.8%
Fly Half Stephen Myler
83.9%
CentreGeorge Pisi
81.3%
CentreLuther Burrell
80.4%
Hint Answer % Correct
WingKen Pisi
78.6%
Scrum HalfLee Dickson
76.8%
LockChristian Day
68.8%
Back RowSamu Manoa
67%
PropAlex Corbisiero
62.5%
Back RowCallum Clark
52.7%
PropSalesi Ma'afu
48.2%
Remove Ads.
Support Sporcle.
Get the best of Sporcle when you Go Orange. This ad-free experience offers more features, more stats, and more fun while also helping to support Sporcle. Thank you for becoming a member.

You're not logged in!

Compare scores with friends on all Sporcle quizzes.
OR
Log In

Show Comments

Extras

Created Dec 16, 2014ReportNominate
Tags:saint, team

Top Quizzes Today


Score Distribution

Your Account Isn't Verified!

In order to create a playlist on Sporcle, you need to verify the email address you used during registration. Go to your Sporcle Settings to finish the process.

Report this User

Report this user for behavior that violates our Community Guidelines.

Details: